000 00873nam a2200205Ii 4500
003 JO-AjNU
008 230605s9999||||xx |||||||||||||| ||und||
040 _aJO-AjNU
_bara
_erda
_cJO-AjNU
041 _aara
050 1 4 _aBF721.S299.2007
100 3 _aتاليف واعداد سيد، علي عبدالله ، م.مشرك سماح كوثراني ,
_eauthor
_930392
245 0 0 _aطرق إشباع الحاجات النفسية للطفل في مراحل العمر المختلفة
250 _aط1
264 3 1 _aبيروت:دار اليوسف للنشر والتوزيع،دار الرفيق للنشر والتوزيع ،2007
300 _a208ص
336 _atext
_btxt
_2rdacontent
337 _aunmediated
_bn
_2rdamedia
338 _avolume
_bnc
_2rdacarrier
650 4 _aعلم نفس الطفل-علم نفس النمو-علم النفس التربوي
_930393
999 _aA12042
_c15610
_d15610